|
|
|
|
| LEADER |
01221cam a2200253 i 4500 |
| 003 |
GR-PaULI |
| 005 |
20240419063312.0 |
| 008 |
140113s2014 -uk b 001 0 eng d |
| 952 |
|
|
|0 0
|1 0
|2 ddc
|4 0
|6 NIET_190_090000000000000_34_NIE
|7 0
|9 238540
|a PHIL
|b PHIL
|d 2020-01-23
|i 12521
|l 2
|m 2
|o NIET 190.090 34 NIE
|p 025000242521
|r 2020-10-15 00:00:00
|s 2020-09-29
|t 1
|v 2020.00
|w 2020-01-23
|y BK15
|
| 999 |
|
|
|c 144090
|d 144090
|
| 020 |
|
|
|a 9781472511522 (σκληρό εξώφυλλο)
|
| 040 |
|
|
|a DLC
|b gre
|c DLC
|e AACR2
|d DLC
|d GR-PaULI
|
| 082 |
0 |
0 |
|a 190.090 34
|2 23
|
| 245 |
1 |
0 |
|a Nietzsche as a scholar of antiquity:
|b Bloomsbury studies in philosophy /
|c edited by Anthony K. Jensen and Helmut Heit.
|
| 260 |
|
|
|a London ;
|a New York :
|b Bloomsbury,
|c [2014].
|
| 300 |
|
|
|a xxiii, 292 σ. ;
|c 25 εκ.
|
| 490 |
0 |
|
|a Bloomsbury studies in philosophy
|
| 504 |
|
|
|a Περιλαμβάνει βιβλιογραφία και ευρετήριο.
|
| 600 |
|
0 |
|a Nietzsche, Friedrich Wilhelm,
|d 1844-1900
|9 3626
|
| 650 |
|
0 |
|a Φιλολογία
|z Ελλάδα
|9 25597
|
| 651 |
|
0 |
|a Ελλάδα
|x Πολιτισμός
|9 4595
|
| 700 |
1 |
|
|a Jensen, Anthony K.,
|d 1978-
|e επιμελητής.
|9 179620
|
| 942 |
|
|
|2 ddc
|c BK15
|
| 998 |
|
|
|c ΚΑΝΕΛΛΟΠΟΥΛΟΥ
|d 2020-01
|